000 00447nam a22001337a 4500
082 _a624.0685
_bGOV
_cD
100 _aNational highway board
_942866
245 _aConstruction contract documents volume II standard specifications
_cNational highway board
260 _aIslamabad
_bNational highways boards
300 _avarious pages
_bill.;
_c24 cm.
526 _a0
_b0
_c0
_d624_068500000000000_GOV
650 _aNUST / MCE
_926909
942 _2ddc
_cBK
999 _c546684
_d546684